Statistics for 25 Most Common Colors

Click here to take the quiz!

General Stats

  • This quiz has been taken 53 times
  • The average score is 16 of 25

Answer Stats

Answer% Correct
Black
100%
Blue
100%
Green
100%
Red
100%
Orange
98%
Pink
98%
Yellow
98%
White
96%
Brown
92%
Purple
92%
Gray
81%
Violet
56%
Indigo
54%
Beige
48%
Magenta
46%
Silver
46%
Teal
42%
Tan
40%
Maroon
35%
Turquoise
35%
Cyan
33%
Navy
25%
Lime
21%
Olive
17%
Peach
13%

Score Distribution

Percentile by Number Answered

Percent of People with Each Score

Your Score History

You have not taken this quiz